LEADER 01022nam0-2200337---450 001 990009958810403321 005 20201102113616.0 010 $a9780521195683 035 $a000995881 035 $aFED01000995881 035 $a(Aleph)000995881FED01 035 $a000995881 100 $a20150427d2014----km-y0itay50------ba 101 0 $aeng 102 $aUS 105 $aa-------001yy 200 1 $aTransport in the Atmosphere-Vegetation-Soil Continuum$fArnold F. Moene, Jos C. van Dam 210 $aNew York, NY$cCambridge Univ. Press$d2014 215 $aXII, 436 p.$cill.$d27 cm 610 0 $aInterazioni terreno-atmosfera 676 $a577.6$v22$zita 676 $a551.523$v23$zita 700 1$aMoene,$bArnold F.$0525039 701 1$aDam,$bJos C. van$0525040 801 0$aIT$bUNINA$gRICA$2UNIMARC 901 $aBK 912 $a990009958810403321 952 $a60 551.523 MOEA 2014$b14488$fFAGBC 959 $aFAGBC 996 $aTransport in the Atmosphere-Vegetation-Soil Continuum$9822727 997 $aUNINA LEADER 03697 am 22007093u 450 001 9910131283703321 005 20210222152146.0 010 $a3-319-18428-8 024 7 $a10.1007/978-3-319-18428-9 035 $a(CKB)3710000000416707 035 $a(SSID)ssj0001500634 035 $a(PQKBManifestationID)11874318 035 $a(PQKBTitleCode)TC0001500634 035 $a(PQKBWorkID)11515571 035 $a(PQKB)10731611 035 $a(DE-He213)978-3-319-18428-9 035 $a(MiAaPQ)EBC3566808 035 $a(MiAaPQ)EBC6363140 035 $a(Au-PeEL)EBL6363140 035 $a(OCoLC)1291317548 035 $a(oapen)https://directory.doabooks.org/handle/20.500.12854/32798 035 $a(PPN)186026838 035 $a(EXLCZ)993710000000416707 100 $a20150527d2015 u| 0 101 0 $aeng 135 $aurnn#---mamaa 181 $ctxt$2rdacontent 182 $cc$2rdamedia 183 $acr$2rdacarrier 200 10$aContemporary bioethics $eIslamic perspective /$fby Mohammed Ali Al-Bar, Hassan Chamsi-Pasha 205 $a1st ed. 2015. 210 $aCham$cSpringer Nature$d2015 210 1$aCham :$cSpringer International Publishing :$cImprint: Springer,$d2015. 215 $a1 online resource (xv, 267 pages) $cdigital file(s) 300 $aBibliographic Level Mode of Issuance: Monograph 311 08$aPrint version: 9783319184272 331918427X 320 $aIncludes bibliographical references. 330 $aThis book discusses the common principles of morality and ethics derived from divinely endowed intuitive reason through the creation of al-fitr' a (nature) and human intellect (al-?aql). Biomedical topics are presented and ethical issues related to topics such as genetic testing, assisted reproduction and organ transplantation are discussed. Whereas these natural sources are God?s special gifts to human beings, God?s revelation as given to the prophets is the supernatural source of divine guidance through which human communities have been guided at all times through history. The second part of the book concentrates on the objectives of Islamic religious practice ? the maqa' sid ? which include: Preservation of Faith, Preservation of Life, Preservation of Mind (intellect and reason), Preservation of Progeny (al-nasl) and Preservation of Property. Lastly, the third part of the book discusses selected topical issues, including abortion, assisted reproduction devices, genetics, organ transplantation, brain death and end-of-life aspects. For each topic, the current medical evidence is followed by a detailed discussion of the ethical issues involved. 606 $aHuman genetics 606 $aMedical ethics 606 $aEthics 606 $aHuman Genetics$3https://scigraph.springernature.com/ontologies/product-market-codes/B12008 606 $aTheory of Medicine/Bioethics$3https://scigraph.springernature.com/ontologies/product-market-codes/H66000 606 $aEthics$3https://scigraph.springernature.com/ontologies/product-market-codes/E14000 610 $aHuman Genetics 610 $aTheory of Medicine/Bioethics 610 $aEthics 615 0$aHuman genetics. 615 0$aMedical ethics. 615 0$aEthics. 615 14$aHuman Genetics. 615 24$aTheory of Medicine/Bioethics. 615 24$aEthics. 676 $a611.01816 676 $a599.935 700 $aAl-Bar$b Mohammed Ali$4aut$4http://id.loc.gov/vocabulary/relators/aut$0930246 702 $aChamsi-Pasha$b Hassan$4aut$4http://id.loc.gov/vocabulary/relators/aut 801 2$bUkMaJRU 906 $aBOOK 912 $a9910131283703321 996 $aContemporary bioethics$92092435 997 $aUNINA LEADER 01024nam a22002771i 4500 001 991004203219707536 005 20020826134238.0 008 020826s1986 it a||||||||||||||||ita 020 $a8806593072 035 $ab11938511-39ule_inst 035 $aARCHE-002833$9ExL 040 $aDip.to Filologia Ling. e Lett.$bita$cA.t.i. Arché s.c.r.l. Pandora Sicilia s.r.l. 082 04$a700.903 100 1 $aBrusatin, Manlio$038019 245 10$aArte della meraviglia /$cManlio Brusatin 260 $aTorino :$bG. Einaudi,$c1986 300 $aXXI, 175 p., [49] c. di tav. :$bill. ;$c22 cm 490 0$aSaggi [Einaudi] ;$v691 650 4$aArte$ySec. 16.-18. 650 4$aImmaginazione$xTeorie$ySec. 16.-18. 907 $a.b11938511$b28-04-17$c01-04-03 912 $a991004203219707536 945 $aLE008 FL.M. VIII E 47$g1$i2008000322212$lle008$o-$pE0.00$q-$rl$s- $t0$u1$v0$w1$x0$y.i1221260x$z01-04-03 996 $aArte della meraviglia$9468863 997 $aUNISALENTO 998 $ale008$b01-04-03$cm$da $e-$fita$git $h0$i1